| 000 | 00504cam a22001814a 4500 | ||
|---|---|---|---|
| 020 | _a0073659355 | ||
| 040 | _cDLC | ||
| 082 | 0 | 0 | _a620 HIL 2002 A038 Or. |
| 100 | 1 | _aBeer, Ferdinand P. | |
| 245 | 1 | 0 | _aMechanics of materials / |
| 250 | _a3rd ed. | ||
| 260 |
_aNew York : _bMcGraw-Hill, _c2002. |
||
| 300 |
_axix, 788 p. : _bcol.ill. ; _c27 cm. + _e1 computer optical disc (4 3/4 in.) |
||
| 650 | 0 | _aStrength of materials. | |
| 700 | 1 | _aJohnston, E. Russell | |
| 700 | 1 | _aDeWolf, John T. | |
| 942 | _cEK | ||
| 999 |
_c11638 _d11638 |
||